A report exploring skills in the UK construction industry (Record no. 112257)

MARC details
000 -LEADER
fixed length control field 00984cad a22001935a 4500
001 - CONTROL NUMBER
control field L152908
008 - FIXED-LENGTH DATA ELEMENTS--GENERAL INFORMATION
fixed length control field 110513s2011 xxk f 000 0 eng d
035 ## - SYSTEM CONTROL NUMBER
System control number (Sirsi) u152908
041 0# - LANGUAGE CODE
Language code of text/sound track or separate title eng
110 2# - MAIN ENTRY--CORPORATE NAME
Corporate name or jurisdiction name as entry element Chartered Institute of Building
9 (RLIN) 2134
245 02 - TITLE STATEMENT
Title A report exploring skills in the UK construction industry
Medium [electronic resource]
260 ## - PUBLICATION, DISTRIBUTION, ETC.
Place of publication, distribution, etc. Ascot
Name of publisher, distributor, etc. CIOB
Date of publication, distribution, etc. 2011
520 ## - SUMMARY, ETC.
Summary, etc. The fifth annual skills survey from the Chartered Institute of Building (CIOB); the key findings from this report indicate 77% of respondents believe a skill shortage exists in the construction industry, displaying a 5% increase from the 2010 survey; detailed results from the survey;
590 ## - LOCAL NOTE (RLIN)
Local note KA NTK
651 #4 - SUBJECT ADDED ENTRY--GEOGRAPHIC NAME
Geographic name United Kingdom
Chronological subdivision
690 ## - LOCAL SUBJECT ADDED ENTRY--TOPICAL TERM (OCLC, RLIN)
Topical term or geographic name as entry element BUILT ENVIRONMENT-CONSTRUCTION MARKET
856 40 - ELECTRONIC LOCATION AND ACCESS
Uniform Resource Identifier <a href="https://www.ciob.org.uk/sites/ciob.org.uk/files/Skills%20in%20the%20Construction%20Industry%202011%20web.pdf">https://www.ciob.org.uk/sites/ciob.org.uk/files/Skills%20in%20the%20Construction%20Industry%202011%20web.pdf</a>
Public note View the report free of charge (PDF file) at www.ciob.org.uk
942 ## - ADDED ENTRY ELEMENTS (KOHA)
Suppress in OPAC 0
Holdings
Withdrawn status Lost status Source of classification or shelving scheme Damaged status Not for loan Home library Current library Shelving location Date acquired Total Checkouts Full call number Barcode Date last seen Copy number Price effective from Koha item type
    Dewey Decimal Classification     Virtual Virtual Online 13/05/2011   ONLINE PUBLICATION 152908-2001 06/08/2019 1 06/08/2019 Book